Le marxisme et la philosophie du langage: essai d'application de la méthode sociologique en linguistique
Uloženo v:
| Hlavní autor: | |
|---|---|
| Médium: | Kniha |
| Jazyk: | francouzština |
| Vydáno: |
París
Minuit
1977
|
| Edice: | Collection Le Sens Commun
|
| Témata: | |
| Tagy: |
Přidat tag
Žádné tagy, Buďte první, kdo vytvoří štítek k tomuto záznamu!
|
MARC
| LEADER | 00000nam a2200000 a 4500 | ||
|---|---|---|---|
| 001 | UCK7964 | ||
| 003 | CL-VaPUC | ||
| 008 | 060105e19770000FR |||||||||||||||||fre|d | ||
| 020 | |a 2707301515 | ||
| 082 | 0 | 4 | |a 306.44 |b BAK |2 21 |
| 100 | 0 | |a Bajtín, Mijaíl Mijáilovich |e author |9 497699 | |
| 245 | 1 | 3 | |a Le marxisme et la philosophie du langage: essai d'application de la méthode sociologique en linguistique |
| 300 | |a 233 p | ||
| 942 | |c BK | ||
| 945 | |d 20060105 00:00:00 |a cmena | ||
| 260 | |a París |b Minuit |c 1977 | ||
| 650 | 0 | |a Sociolingüística |9 263716 | |
| 650 | 7 | |a MARXISMO |2 CL-VaPUC |9 497700 | |
| 650 | 0 | |a Filosofía del lenguaje |9 257082 | |
| 583 | |a last modification |c 20190725 11:25:50 |k Rodrigo Vera | ||
| 490 | 0 | |a Collection Le Sens Commun | |
| 999 | |c 315802 |d 315800 | ||
| 952 | |0 0 |1 0 |4 0 |6 306_440000000000000_BAK_1977 |7 0 |8 A |9 389575 |a FDOPOS |b FDOPOS |d 2019-11-22 |i 4200055 |o 306.44 BAK 1977 |p 4200055 |r 2025-01-22 |w 2019-11-22 |y BK |k MLA | ||